000 00782 a2200205 4500
005 20251002151723.0
008 251002b |||||||| |||| 00| 0 eng d
020 _a9786214272501
082 _aDFil 332.6 In898 2025
245 _aInvestment portfolio and management /
_cMarife Agustin Acierto [and three others].
260 _aManila :
_bUnlimited Books Library Services & Publishing Inc.,
_c♭2025.
300 _aviii, 109 pages :
_billustrations ;
_c25 cm.
500 _aIncludes references.
650 0 _aPortfolio management.
_968311
650 0 _aInvestment analysis Investments.
_968312
700 _aAcierto, Gilfred Abad,
_eauthor.
_968313
700 _aPatriarca, Perla Boncodin,
_eauthor.
_968314
700 _aGonzaga, Agnes Yumol,
_eauthor.
_968315
942 _2ddc
_cDFIL
999 _c23935
_d23935